| 000 | 02232cam a2200529 c 4500 | ||
|---|---|---|---|
| 001 | 60419 | ||
| 003 | CO-BoRNBP | ||
| 005 | 20260205195009.0 | ||
| 007 | ta | ||
| 008 | 890628s1978 sp a | |||| 000 1 spa | ||
| 017 |
_aM 26746-1978 _bOficina Depósito Legal Madrid |
||
| 020 | _a8420614556 | ||
| 040 |
_aSpMaBN _bspa _cSpMaBN _erdc |
||
| 041 | 1 |
_aspa _heng |
|
| 080 | _a087.5:82 | ||
| 100 | 1 |
_aCarroll, Lewis _d1832-1898 _964151 |
|
| 240 | 1 | 0 | _aThrough the looking-glass |
| 245 | 1 | 0 |
_aA través del espejo y lo que Alicia encontró al otro lado _cLewis Carroll ; ilustraciones de John Tenniel ; traducción y prólogo de Jaime de Ojeda |
| 250 | _a[1ª ed. en "El libro de bolsillo"] | ||
| 300 |
_a219 p. _c18 cm |
||
| 336 |
_2rdacontent _atexto _btxt |
||
| 337 |
_2rdamedia _asin mediación _bn |
||
| 338 |
_2rdacarrier _avolumen _bnc |
||
| 490 | 0 |
_aEl Libro de bolsillo _v455. _aSección Literatura |
|
| 650 | _2LEMB | ||
| 700 | 1 |
_aTenniel, John _d1820-1914 _eilustrador _964153 |
|
| 700 | 1 |
_aOjeda, Jaime de _d1933- _etraductor _eprologuista _968612 |
|
| 942 |
_2ddc _cBK |
||
| 956 | _a1 2 | ||
| 980 |
_aM 16079-1987 _a84-206-1455-6 _aSpMaBN _bBNMADRID _j3/158467 _cSG_RECOLET |
||
| 980 |
_aM 6602-1989 _aSpMaBN _bBNMADRID _j3/191243 _cSG_RECOLET |
||
| 980 |
_aM 32168-1991 _aSpMaBN _bBNMADRID _j3/200530 _cSG_RECOLET |
||
| 980 |
_aSpMaBN _bBNMADRID _j7/125798 _cSG_RECOLET |
||
| 980 |
_aSpMaBN _bBNMADRID _j9/41173 _cSG_RECOLET |
||
| 980 |
_aM 29361-1990 _aSpMaBN _bBNALCALA _jAHM/2111 _cSG_PETANTI |
||
| 980 |
_aM 40306-1992 _aSpMaBN _bBNALCALA _jAHM/2423 _cSG_PETANTI |
||
| 980 |
_aSpMaBN _bBNALCALA _jDL/218775 _cCONSERVACI |
||
| 980 |
_aSpMaBN _bBNALCALA _jDL/255334 _cCONSERVACI |
||
| 980 |
_aM 16079-1987 _a84-206-1455-6 _aSpMaBN _bBNALCALA _jDL/371619 _cCONSERVACI |
||
| 980 |
_aM 6602-1989 _aSpMaBN _bBNALCALA _jDL/414194 _cCONSERVACI |
||
| 980 |
_aM 32168-1991 _aSpMaBN _bBNALCALA _jDL/422205 _cCONSERVACI |
||
| 980 |
_aSpMaBN _bBNALCALA _jDL/470292 _cCONSERVACI |
||
| 980 |
_aM 40306-1992 _aSpMaBN _bBNALCALA _jDL/570840 _cCONSERVACI |
||
| 980 |
_aM 17380-1994 _aSpMaBN _bBNALCALA _jDL/631109 _cCONSERVACI |
||
| 980 |
_aM 20716-1995 _aSpMaBN _bBNALCALA _jDL/666390 _cCONSERVACI |
||
| 980 |
_aM 19059-1996 _aSpMaBN _bBNALCALA _jDL/720061 _cCONSERVACI |
||
| 999 |
_c60419 _d60419 |
||